000 00573nam a2200193 i 4500
001 39764
003 ES-MaACL
005 20230906160057.0
007 t|
008 030304s1972 sp ||||1| spa d
100 1 _aCampo Urbano, Salustiano del.
_934221
245 1 0 _aAnálisis de la población de España /
_cSalustiano del Campo Urbano.
260 _aBarcelona, etc. :
_bAriel,
_c[1972]
300 _a192 p. ;
_c18 cm.
490 1 _aAriel quincenal ;
_v79
830 0 _aAriel quincenal ;
_v79
_9180806
852 _aES-MaACL
_jC-48666
_bR.83887
999 _c39764
_d39764